| 000 | 00658cam a22002055a 4500 | ||
|---|---|---|---|
| 001 | L159612 | ||
| 008 | 150226s2017 xxk f 000 0 eng d | ||
| 035 | _a(Sirsi) u159612 | ||
| 041 | 0 | _aeng | |
| 100 | 1 | _aPearson, Andy | |
| 245 | 0 | 0 | _aPassive scale |
| 260 | _c2017 | ||
| 490 |
_aModus _vNovember 2017, 23-24 (2) |
||
| 520 | _aExplains that the cost of building a Passivhaus is now within the range for a typical building regulations-compliant home. Points out several large-scale social housing projects in London, Norwich and Exeter. | ||
| 590 | _aKA | ||
| 650 | 2 | 4 | _aPASSIVHAUS |
| 651 | 4 | _aUnited Kingdom | |
| 690 | _aCONSTRUCTION | ||
| 942 | _n0 | ||
| 999 |
_c84882 _d84882 |
||